Statistics for Weather

Click here to take the quiz!

General Stats

  • This quiz has been taken 12 times
  • The average score is 9 of 15

Answer Stats

QuestionAnswer% Correct
One of these rolled over the Great Plains in the 1930sDust storm
82%
Brings heavy rain and thunderLow pressure
82%
When hot air and cold air meet, they can formTornadoes
82%
What is a front in a weather senseWhen 2 air masses meet
82%
Which of these states receives frequent hurricanesLouisiana
73%
Which us region do tornados form most oftenMidwest
73%
starts as a tropical stormTyphoon
73%
Which of these is a frontStationary
64%
Which air mass will bring Humid and warm weather?Tropical Maritime
64%
How come Montreal and paris have different climates despite being at the same latitudeWater Currents
55%
What was the deadliest tornado in the USATri-state Tornado
36%
What was the deadliest Hurricane in the USA?Galveston
27%
Which one of these is not an ocean currentGreat Indonesian
27%
What does a Stationary front bring out of theseSnow
27%
What does a warm front bringBrings long lasting rain and snow
18%

Score Distribution

Percentile by Number Answered

Percent of People with Each Score

Your Score History

You have not taken this quiz